Butterworths residential landlord and tenant handbook (Record no. 104773)

MARC details
000 -LEADER
fixed length control field 01115cam a2200241 4500
001 - CONTROL NUMBER
control field ##L131484
008 - FIXED-LENGTH DATA ELEMENTS--GENERAL INFORMATION
fixed length control field #DATE n2005 000 0 eng u
020 ## - INTERNATIONAL STANDARD BOOK NUMBER
International Standard Book Number 0406969507
035 ## - SYSTEM CONTROL NUMBER
System control number (Sirsi) u131484
041 0# - LANGUAGE CODE
Language code of text/sound track or separate title eng
050 04 - LIBRARY OF CONGRESS CALL NUMBER
Classification number 346.4104342
245 00 - TITLE STATEMENT
Title Butterworths residential landlord and tenant handbook
250 ## - EDITION STATEMENT
Edition statement 3rd ed.
260 ## - PUBLICATION, DISTRIBUTION, ETC.
Place of publication, distribution, etc. London
Name of publisher, distributor, etc. LexisNexis Butterworths
Date of publication, distribution, etc. 2005
300 ## - PHYSICAL DESCRIPTION
Extent xvii, 1454p.
Dimensions 25cm.
350 ## - PRICE (NR) (BK AM CF MU VM SE) [OBSOLETE]
Price 55
520 ## - SUMMARY, ETC.
Summary, etc. Reference guide for practioners in leasehold enfranchisement, the right to buy, assured, secure and protected tenancies, disrepair and other areas of landlord and tenant law. Incorporates major legislative developments since 1988, including the Commonhold and Leasehold Reform Act 2002 and the Housing Act 2004, and the subordinate legislation deriving from these Acts.
520 ## - SUMMARY, ETC.
Summary, etc. Superceded by fourth edition (ISBN 9781405725415). Supercedes second edition (ISBN 0406982228)
590 ## - LOCAL NOTE (RLIN)
Local note IKA081105
690 ## - LOCAL SUBJECT ADDED ENTRY--TOPICAL TERM (OCLC, RLIN)
Topical term or geographic name as entry element PROPERTY-RESIDENTIAL PROPERTY-RESIDENTIAL LANDLORD AND TENANT-RESIDENTIAL TENANCIES
700 10 - ADDED ENTRY--PERSONAL NAME
Personal name Driscoll, James
942 ## - ADDED ENTRY ELEMENTS (KOHA)
Suppress in OPAC 0
Holdings
Withdrawn status Lost status Source of classification or shelving scheme Damaged status Not for loan Home library Current library Shelving location Date acquired Total Checkouts Full call number Barcode Date last seen Date last checked out Copy number Price effective from Koha item type
    Dewey Decimal Classification     London London Basement 07/11/2005 11 SHELF 113 30071305 06/08/2019 29/11/2007 1 06/08/2019 Book